| 000 | 02444cam a2200469 i 4500 | ||
|---|---|---|---|
| 001 | GVRL492T | ||
| 003 | MiFhGG | ||
| 005 | 20250820004436.0 | ||
| 006 | m o d | ||
| 007 | cr un ---uuuua | ||
| 008 | 200629s2021 inua o 001 0 eng d | ||
| 020 |
_a9780744041446 _q(electronic book) |
||
| 020 |
_z9781615649839 _q(paperback) |
||
| 020 |
_z1615649832 _q(paperback) |
||
| 035 | _a(OCoLC)1251845647 | ||
| 040 |
_aMiFhGG _beng _cMiFhGG _erda _epn |
||
| 050 | 4 |
_aPC4121 _b.S787 2021 |
|
| 100 | 1 |
_aStein, Gail, _eauthor. |
|
| 245 | 1 | 0 |
_aSpanish phrases for beginners / _cGail Stein. |
| 246 | 1 | 4 |
_aSpanish phrases for beginners : _ba foolproof guide to everyday terms every traveler needs to know |
| 250 | _aFirst American edition. | ||
| 264 | 1 |
_aIndianapolis, Indiana : _bDK Publishing, _c2021. |
|
| 300 |
_a1 online resource (v, 250 pages) : _bcolor illustrations. |
||
| 336 |
_atext _btxt _2rdacontent |
||
| 337 |
_acomputer _bc _2rdamedia |
||
| 338 |
_aonline resource _bcr _2rdacarrier |
||
| 490 | 1 | _aPocket guides | |
| 490 | 0 | _aGale eBooks | |
| 500 | _aIncludes index. | ||
| 500 | _a"Alpha"--Backcover. | ||
| 505 | 0 | _a1. Quick pronunciation guide -- 2. Spanish you already know -- 3. The basics -- 4. Personal profile -- 5. Travel -- 6. Accommodations -- 7. Food -- 8. Shopping -- 9. Sightseeing & entertainment -- 10. Medical care -- 11. Banking, business & technology. | |
| 520 | _aThis book is a handy guide for beginners who want to learn how to speak Spanish. It provides readers with everyday terms to use when traveling, shopping, and eating out, conversational phrases for discussing the weather, sports, and family, popular idioms to help readers (almost) sound like a native Spanish speaker, pronunciation keys for nearly every phrase discussed, and conjugation tables to help readers use the right verbs in the right situations. | ||
| 588 | _aDescription based on print version record. | ||
| 650 | 0 |
_aSpanish language _vConversation and phrase books _xEnglish. |
|
| 650 | 0 |
_aSpanish language _xSpoken Spanish. |
|
| 710 | 2 | _aGale (Firm) | |
| 776 | 0 | 8 |
_iPrint version: _tSpanish phrases for beginners. _dIndianapolis, Indiana : DK Publishing, 2021 _z9781615649839 _w(DLC) 2020941361 |
| 830 | 0 | _aPocket guides (DK Publishing, Inc.) | |
| 856 | 4 | 0 |
_uhttps://link.gale.com/apps/pub/492T/GVRL?sid=gale_marc&u=phurs _zAvailable via Gale eBooks. Click here to access |
| 912 | _a492T | ||
| 942 |
_2lcc _cE-BOOK |
||
| 999 |
_c84340 _d84338 |
||